Pakistan and the emergence of Islamic militancy in Afghanistan / (Record no. 14937)

000 -LEADER
fixed length control field 01819cam a22003734a 4500
001 - CONTROL NUMBER
control field 13701515
003 - CONTROL NUMBER IDENTIFIER
control field OSt
005 - DATE AND TIME OF LATEST TRANSACTION
control field 20170105102907.0
008 - FIXED-LENGTH DATA ELEMENTS--GENERAL INFORMATION
fixed length control field 040827s2005 enkb b 001 0 eng
010 ## - LIBRARY OF CONGRESS CONTROL NUMBER
LC control number 2004020407
020 ## - INTERNATIONAL STANDARD BOOK NUMBER
International Standard Book Number 0754644340 (alk. paper)
040 ## - CATALOGING SOURCE
Original cataloging agency DLC
Transcribing agency DLC
Modifying agency DLC
042 ## - AUTHENTICATION CODE
Authentication code pcc
043 ## - GEOGRAPHIC AREA CODE
Geographic area code a-pk---
-- a-af---
050 00 - LIBRARY OF CONGRESS CALL NUMBER
Classification number DS383.5.A3
Item number H87 2005
082 00 - DEWEY DECIMAL CLASSIFICATION NUMBER
Classification number 327.5491
Edition number 22
Author Mark HUS 2005
100 1# - MAIN ENTRY--PERSONAL NAME
Personal name Hussain, Rizwan.
245 10 - TITLE STATEMENT
Title Pakistan and the emergence of Islamic militancy in Afghanistan /
Statement of responsibility, etc. Rizwan Hussain.
260 ## - PUBLICATION, DISTRIBUTION, ETC.
Place of publication, distribution, etc. Aldershot, England ;
-- Burlington, VT :
Name of publisher, distributor, etc. Ashgate,
Date of publication, distribution, etc. c2005.
300 ## - PHYSICAL DESCRIPTION
Extent 288 p. :
Other physical details maps ;
Dimensions 25 cm.
504 ## - BIBLIOGRAPHY, ETC. NOTE
Bibliography, etc. note Includes bibliographical references (p. [257]-283) and index.
505 0# - FORMATTED CONTENTS NOTE
Formatted contents note The Pakistan-Afghanistan relationship in a historical perspective -- Pakistan-Afghanistan ties, 1947-1977 -- The Zia regime and Afghanistan, 1978-1988 -- The concluding years of the cold war and the Afghan conflict -- Pakistan and the "Islamic State of Afghanistan", 1992-1995 -- Pakistan and the Taliban, 1996-2001.
650 #0 - SUBJECT ADDED ENTRY--TOPICAL TERM
Topical term or geographic name entry element Islamic fundamentalism
Geographic subdivision Afghanistan.
651 #0 - SUBJECT ADDED ENTRY--GEOGRAPHIC NAME
Geographic name Pakistan
General subdivision Foreign relations
Geographic subdivision Afghanistan.
651 #0 - SUBJECT ADDED ENTRY--GEOGRAPHIC NAME
Geographic name Afghanistan
General subdivision Foreign relations
Geographic subdivision Pakistan.
651 #0 - SUBJECT ADDED ENTRY--GEOGRAPHIC NAME
Geographic name Pakistan
General subdivision Politics and government
Chronological subdivision 1971-1988.
651 #0 - SUBJECT ADDED ENTRY--GEOGRAPHIC NAME
Geographic name Pakistan
General subdivision Politics and government
Chronological subdivision 1988-
651 #0 - SUBJECT ADDED ENTRY--GEOGRAPHIC NAME
Geographic name Afghanistan
General subdivision Politics and government
Chronological subdivision 1973-1989.
651 #0 - SUBJECT ADDED ENTRY--GEOGRAPHIC NAME
Geographic name Afghanistan
General subdivision Politics and government
Chronological subdivision 1989-2001.
856 41 - ELECTRONIC LOCATION AND ACCESS
Materials specified Table of contents
Uniform Resource Identifier <a href="http://www.loc.gov/catdir/toc/ecip0422/2004020407.html">http://www.loc.gov/catdir/toc/ecip0422/2004020407.html</a>
906 ## - LOCAL DATA ELEMENT F, LDF (RLIN)
a 7
b cbc
c orignew
d 1
e ecip
f 20
g y-gencatlg
942 ## - ADDED ENTRY ELEMENTS (KOHA)
Source of classification or shelving scheme
Koha item type Book
Holdings
Withdrawn status Lost status Damaged status Not for loan Collection code Permanent Location Current Location Shelving location Date acquired Total Checkouts Full call number Barcode Date last seen Price effective from Koha item type
          Centre for International Peace & Stability (CIPS) Centre for International Peace & Stability (CIPS) General Stacks 10/02/2013   327.5491 HUS 2005 CIPS0001804 10/24/2013 10/24/2013 Book
© 2023 Central Library, National University of Sciences and Technology. All Rights Reserved.